000 00332 a2200169 4500
001 190050
020 _a978-85-08-14263-7
040 _cMagnum
100 _aBrenman, Ilan
240 1 0 _aO alvo
_lpor
245 1 0 _aO alvo
300 _a32
362 0 _a2012
440 1 _aÁtica
697 _aLITERATURA INFANTIL
942 _cBK
999 _c190050
_d190050